Treharne v Brabon (Record no. 62835)

MARC details
000 -LEADER
fixed length control field 00722cam a2200181 4500
001 - CONTROL NUMBER
control field X104744
008 - FIXED-LENGTH DATA ELEMENTS--GENERAL INFORMATION
fixed length control field 000000n2000 000 0 eng u
035 ## - SYSTEM CONTROL NUMBER
System control number (Sirsi) u104744
245 ## - TITLE STATEMENT
Title Treharne v Brabon
260 ## - PUBLICATION, DISTRIBUTION, ETC.
Date of publication, distribution, etc. 2000
490 ## - SERIES STATEMENT
Series statement New Property Cases
Volume/sequential designation [2000] 21 NPC 1-3(3)
520 ## - SUMMARY, ETC.
Summary, etc. ChD 3 March 2000. Two questions of importance - Did the bankrupt sell property at an undervalue and was his wife's sale of property as mortgagee a sale by the bankrupt - both answered to the advantage of the bankrupt and his wife. Headnote from journal - No photocopying allowed.
650 ## - SUBJECT ADDED ENTRY--TOPICAL TERM
Topical term or geographic name entry element Insolvency
9 (RLIN) 6247
650 ## - SUBJECT ADDED ENTRY--TOPICAL TERM
Topical term or geographic name entry element TREHARNE V BRABON
650 ## - SUBJECT ADDED ENTRY--TOPICAL TERM
Topical term or geographic name entry element BANKRUPTCY
690 ## - LOCAL SUBJECT ADDED ENTRY--TOPICAL TERM (OCLC, RLIN)
Topical term or geographic name as entry element HOUSING-HOUSING FINANCE
942 ## - ADDED ENTRY ELEMENTS (KOHA)
Suppress in OPAC 0
Holdings
Withdrawn status Lost status Source of classification or shelving scheme Damaged status Not for loan Home library Current library Shelving location Date acquired Total Checkouts Full call number Barcode Date last seen Copy number Price effective from Koha item type
    Dewey Decimal Classification     London London Journal article 10/03/2000   X104744 104744-1001 06/08/2019 1 06/08/2019 Law report